00329nam a2200133Ia 4500008004100000041000800041082001900049100001400068245004200082260003300124300000800157365001600165700001400181230718s9999 xx 000 0 und d aeng a621.402'1bBAL aBalmer R. aThermodynamicsbTheory & Applications c1999bJaico Publishing House a849 cRs.b450.00 aBalmer R.